Los últimos días de Kant / (Record no. 123574)

MARC details
000 -LEADER
campo de control de longitud fija 00627nam a2200205 4500
001 - NÚMERO DE CONTROL
campo de control 123574
003 - IDENTIFICADOR DE NÚMERO DE CONTROL
campo de control ES-MaACL
005 - FECHA Y HORA DE LA ÚLTIMA TRANSACCIÓN
campo de control 20230906192211.0
007 - CAMPO FIJO DE DESCRIPCIÓN FÍSICA--INFORMACIÓN GENERAL
campo de control de longitud fija t|
008 - DATOS DE LONGITUD FIJA--INFORMACIÓN GENERAL
campo de control de longitud fija 070214s1978 mx r ||||1| spa d
100 1# - ENTRADA PRINCIPAL--NOMBRE DE PERSONA
Nombre de persona De Quincey, Thomas.
9 (RLIN) 43071
245 14 - MENCIÓN DEL TÍTULO
Título Los últimos días de Kant /
Mención de responsabilidad, etc. Thomas De Quincey ; versión de José M. Borrás.
260 ## - PUBLICACIÓN, DISTRIBUCIÓN, ETC.
Lugar de publicación, distribución, etc. México :
Nombre del editor, distribuidor, etc. Premia,
Fecha de publicación, distribución, etc. 1978.
300 ## - DESCRIPCIÓN FÍSICA
Extensión 71 p. ;
Dimensiones 22 cm.
490 1# - MENCIÓN DE SERIE
Mención de serie La nave de los locos ;
Designación de volumen o secuencia 36
700 1# - ENTRADA AGREGADA--NOMBRE PERSONAL
Nombre de persona Borrás i Codina, Josep M.
9 (RLIN) 30565
830 0# - PUNTO DE ACCESO ADICIONAL DE SERIE-TÍTULO UNIFORME
Título uniforme La nave de los locos ;
Designación de volumen o secuencia 36
9 (RLIN) 180577
852 ## - LOCALIZACIÓN
Ubicación ES-MaACL
Número de control de estantería L-7644
Sublocalización o colección R.107563
Holdings
Estatus retirado Estado de pérdida Estado de daño No para préstamo Biblioteca de origen Biblioteca actual Ubicación en estantería Fecha de adquisición Fuente de adquisición Total de préstamos Signatura topográfica completa Código de barras Visto por última vez Precio de reemplazo Tipo de ítem Koha
        Biblioteca del Ateneo de Madrid Biblioteca del Ateneo de Madrid Depósito 2 17/01/2008     L-7644 1128750 23/02/2023 23/02/2023 Libro impreso